Statistics for Film Geeks #2

Click here to take the quiz!

General Stats

  • This quiz has been taken 9 times
  • The average score is 4 of 10

Answer Stats

HintAnswer% Correct
How many movies are in the Sonic the Hedgehog series?2
100%
What was the age rating for Disney's Cruella?PG-13
67%
What movie did Tom Cruise act in 2022?Top Gun: Maverick
67%
When is the Super Mario Bros. movie coming out? (Specify month and year)April 2023
33%
What Pixar movie was released in June 2022?Lightyear
33%
When did movie production stop due to COVID-19? (Specify month and year)March 2020
33%
What Illumination movie was released on July 1st, 2022?Minions: The Rise Of Gru
33%
Who were the two brothers searching for a jewel in Walt Disney's Onward?Ian and Barley
22%
What is the 2023 film coming out as a sequel to Spider Man: Into the Spider-Verse?Spider Man: Across the Spider-Verse
22%
What was the top grossing Marvel movie in 2022?Doctor Strange: In the Multiverse of Madness
11%

Score Distribution

Percentile by Number Answered

Percent of People with Each Score

Your Score History

You have not taken this quiz